[Event "elllobregat Open-A 2019"]
[Site "El Prat de Llobregat"]
[Date "2019.12.03"]
[Round "1.1"]
[White "Lagarde, Maxime"]
[Black "Ibanez Aullana, Ramon"]
[Result "1-0"]
[WhiteElo "2655"]
[BlackElo "2328"]
[Annotator "TA"]
[PlyCount "133"]
[EventDate "2019.12.03"]
[EventType "swiss"]
[EventCountry "ESP"]
[SourceTitle "playchess.com"]
[Source "ChessBase"]
[SourceQuality "1"]

{[%evp 16,133,48,47,62,65,62,69,66,44,44,48,47,38,41,45,45,28,26,7,18,0,15,0,138,126,135,135,137,136,132,136,140,141,141,133,143,148,137,138,136,138,147,145,142,148,153,168,199,191,230,204,206,218,204,201,207,206,206,206,207,206,206,204,212,168,171,152,193,157,187,105,95,116,236,243,276,233,246,266,368,363,410,414,367,406,406,406,403,396,371,362,378,347,564,483,539,476,416,400,389,385,381,374,887,828,849,758,9512,8579,5815,5792,5205,5102,4918,4846,12659,29966,4918,4917]} 1. e4 Nf6 2. e5 Nd5 3. d4 d6 4. Nf3 Bg4 5. Be2 e6 6. O-O Be7 7. c4 Nb6 8. Be3 O-O 9. Nc3 dxe5 {B05: Alekhine's Defence: 4 Nf3 Bg4} 10. Nxe5 ({Much weaker is} 10. dxe5 Nc6 $11) 10... Bxe2 11. Qxe2 N6d7 $146 {White is slightly better.} ({Predecessor:} 11... N8d7 12. Rad1 c6 13. Bf4 Nf6 14. Rd3 Nbd7 15. Rfd1 Re8 16. h4 Qb6 17. h5 {1-0 (36) Anand,V (2794)-Ubilava,E (2524) Villarrobledo 2001}) 12. Rad1 Nxe5 13. dxe5 Qc8 14. Qg4 {Threatens to win with Bh6!} Rd8 15. Bh6 {[%csl Gh6][%cal Rg4g7]} Bf8 16. Ne4 Nc6 17. Bf4 Be7 18. h4 Kh8 19. h5 $40 {[%mdl 128] Black needs to defend precisely.} f5 (19... h6 $11) 20. exf6 $1 $16 gxf6 21. Rxd8+ Qxd8 22. Qxe6 Nd4 23. Qg4 Qg8 24. Qxg8+ Kxg8 25. Bxc7 Ne2+ 26. Kh2 {aiming for Re1.} Rc8 27. Re1 Rxc7 28. Rxe2 Rxc4 {[%mdl 4096] Endgame KRB-KRN} 29. g4 Kf7 30. Kg3 Ra4 31. b3 Ra5 32. Kf4 Rd5 33. Rd2 Rb5 34. Ng3 Ke8 35. Nf5 {Strongly threatening Re2.} Ba3 36. Rc2 Kd7 37. Ne3 Bd6+ 38. Ke4 Re5+ 39. Kf3 Bc5 40. Nc4 Rg5 41. Kg3 b5 42. Rd2+ Kc6 43. f4 (43. Ne3 $18) 43... Rg7 {[#]} 44. Nb2 $1 Ba3 (44... Re7 $16) 45. Nd3 $18 Kd5 46. Kf3 Rc7 47. g5 fxg5 48. fxg5 Rf7+ 49. Nf4+ {[%mdl 64] [#] Discovered Attack (Double check)} Kc6 50. g6 hxg6 51. hxg6 Rg7 52. Rg2 Rg8 53. Nh5 Be7 54. g7 a5 $2 (54... Kd7 55. Re2 Kd6) 55. Kf4 Kc5 56. Kf5 Bf8 57. Rg4 ({Resist} 57. gxf8=B+ Rxf8+ 58. Nf6 Rh8 $18) 57... Bxg7 58. Nxg7 {Black must now prevent Ne6+. KRN-KR} ({Stronger than} 58. Rxg7 Rxg7 59. Nxg7 Kb4 $11) 58... Rf8+ 59. Ke5 {White threatens Ne6+ and mate.} Rf2 $2 (59... Rf1 60. Ne6+ Kc6) 60. Ne6+ Kb6 61. a4 bxa4 62. bxa4 Rb2 63. Kd5 Rb1 64. Rg6 Rd1+ 65. Nd4+ Ka7 66. Kc5 Kb7 67. Nb3 {Accuracy: White = 73%, Black = 51%.} 1-0

[Event "elllobregat Open-A 2019"]
[Site "El Prat de Llobregat"]
[Date "2019.12.03"]
[Round "1.2"]
[White "Alinasab, Mobina"]
[Black "Bartel, Mateusz"]
[Result "1/2-1/2"]
[WhiteElo "2324"]
[BlackElo "2634"]
[Annotator "TA"]
[PlyCount "54"]
[EventDate "2019.12.03"]
[EventType "swiss"]
[EventCountry "ESP"]
[SourceTitle "playchess.com"]
[Source "ChessBase"]
[SourceQuality "1"]

{[%evp 15,54,41,47,16,13,8,14,4,4,-6,0,8,0,0,0,0,1,-3,18,2,0,-3,19,20,19,8,17,17,26,16,23,20,45,40,43,44,49,40,50,0,28]} 1. e4 e5 2. Nf3 Nc6 3. Bb5 a6 4. Ba4 Nf6 5. O-O d6 6. c3 Bd7 7. Re1 g6 8. d4 Bg7 9. dxe5 {C79: Ruy Lopez: Steinitz-type lines with 3...a6 4 Ba4 Nf6 5 0-0 d6} (9. Nbd2 {is more complex.} O-O 10. h3 b5 11. Bc2 Re8 12. Nf1) 9... Nxe5 10. Nxe5 dxe5 11. Bxd7+ (11. Bb3 {with more complications.} Qe7 12. c4 c6 13. Nc3 Nh5 14. Qf3) 11... Qxd7 12. Qxd7+ (12. Qc2 {is interesting.} Qc6 13. Nd2 O-O 14. Nf3 Rfe8 15. h3) 12... Nxd7 13. Be3 f5 14. f3 {[#]} f4 $146 ({Predecessor:} 14... O-O-O 15. Nd2 Nf6 16. Nc4 fxe4 17. Nxe5 {½-½ (91) Smeets,J (2647)-Sokolov,I (2645) playchess.com INT 2011}) 15. Bf2 h5 16. c4 Nf8 17. Nc3 Ne6 18. Rad1 Rd8 (18... g5 {seems wilder.} 19. b3 Bf6 20. Kf1 g4 21. Na4 Rd8) 19. Rxd8+ Kxd8 20. Rd1+ Ke8 21. Nd5 g5 22. Kf1 Rh6 23. b4 Rg6 24. c5 Bf8 25. a3 Bg7 26. Rd3 Bf8 27. Rd1 Bg7 {Accuracy: White = 77%, Black = 30%.} 1/2-1/2

[Event "elllobregat Open-A 2019"]
[Site "El Prat de Llobregat"]
[Date "2019.12.03"]
[Round "1.3"]
[White "Narayanan.S.L"]
[Black "Dixit, Nikhil"]
[Result "1-0"]
[WhiteElo "2626"]
[BlackElo "2318"]
[Annotator "TA"]
[PlyCount "53"]
[EventDate "2019.12.03"]
[EventType "swiss"]
[EventCountry "ESP"]
[SourceTitle "playchess.com"]
[Source "ChessBase"]
[SourceQuality "1"]

{[%evp 22,53,28,24,43,42,72,63,65,37,115,112,145,150,167,156,160,164,170,156,421,434,800,793,866,852,816,801,1380,1330,1273,987,1167,1030]} 1. d4 Nf6 2. c4 g6 3. g3 Bg7 4. Bg2 O-O 5. Nc3 d6 6. Nf3 Nbd7 7. O-O e5 8. e4 c6 9. h3 exd4 10. Nxd4 Re8 11. Re1 Qb6 12. Re2 Nc5 {E69: King's Indian: Fianchetto: 6...Nbd7 7 0-0 e5 8 e4 c6 9 h3} (12... Qb4 13. Rc2 Nc5 14. a3 Qb6 15. Be3 Qd8 16. f3 a5 17. Rd2 Nfd7 18. b3 f5 19. Rb1 fxe4 20. f4 a4 {½-½ (39) Yu,Y (2736)-Amin,B (2707) Changsha 2019}) 13. Be3 Qc7 {[%cal Rc5e4]} ({Don't play} 13... Nfxe4 $6 14. Nxe4 Nxe4 {[#]} 15. Nf5 $1 $16 {[%mdl 512]}) 14. Qc2 a5 {White is slightly better.} 15. Rd1 Bd7 (15... a4 $14) 16. Nb3 $146 ({Predecessor:} 16. Red2 b6 17. Nde2 Nb7 18. Na4 Ra6 19. Nec3 Bc8 {1-0 (57) Bendig,F (2057)-Bujdak,P (1942) IECG email 2001}) 16... Na6 17. Bf4 a4 18. Nxa4 Nb4 19. Qd2 Rxa4 20. Bxd6 Qb6 $2 {[#]} (20... Qc8 $16 {was called for.}) 21. e5 $18 {White is clearly winning.} Na6 (21... Ne4 $142 22. Rxe4 (22. Bxe4 Na6 $16) 22... Na6) 22. exf6 Bxf6 23. Rxe8+ Bxe8 24. Qe1 Bd7 25. Be7 Bxe7 26. Qxe7 Be6 27. Qf6 {Accuracy: White = 97%, Black = 24%.} 1-0

[Event "elllobregat Open-A 2019"]
[Site "El Prat de Llobregat"]
[Date "2019.12.03"]
[Round "1.4"]
[White "Samant Aditya S"]
[Black "Karthikeyan, Murali"]
[Result "0-1"]
[WhiteElo "2309"]
[BlackElo "2611"]
[Annotator "TA"]
[PlyCount "76"]
[EventDate "2019.12.03"]
[EventType "swiss"]
[EventCountry "ESP"]
[SourceTitle "playchess.com"]
[Source "ChessBase"]
[SourceQuality "1"]

{[%evp 14,76,29,41,44,46,43,32,47,12,14,3,8,-25,-1,-16,-9,-57,15,-36,-32,-55,-35,-58,-64,-73,-56,-55,-24,-25,-28,-43,-40,-142,-147,-680,-451,-450,-446,-423,-424,-444,-406,-393,-304,-305,-210,-185,-177,-457,-437,-460,-404,-636,-636,-697,-639,-29979,-29980,-29980,-29981,-29981,-29978,-3016,-2902]} 1. e4 e5 2. Nf3 Nc6 3. Bb5 a6 4. Ba4 Nge7 5. c3 g6 6. d4 exd4 7. cxd4 Bg7 8. O-O O-O {C60: Ruy Lopez: Unusual Black 3rd moves and 3...g6} (8... b5 9. Bc2 d5 10. exd5 Nb4 11. Bb3 Nbxd5 12. Nc3 O-O 13. Re1 h6 14. h3 Nxc3 15. bxc3 Bb7 16. Ne5 {½-½ (40) Caruana,F (2816)-Giri,A (2782) Leuven 2018}) 9. d5 Na5 10. Nc3 d6 {White is slightly better.} 11. Nd4 b5 12. Bc2 Bb7 13. Bf4 {[#]} Rc8 $146 ({Predecessor:} 13... Nc4 14. b3 Na3 15. Rc1 Qd7 16. Qd2 {0-1 (60) Khanin,S (2340)-Najer,E (2646) Moscow 2014}) 14. Rc1 Re8 15. Qd3 c5 (15... c6 $15 16. b4 Nc4 17. dxc6 Nxc6 18. Nxc6 Bxc6) 16. dxc6 ({Better is} 16. Nde2 $11) 16... Nexc6 $15 17. Nxc6 Rxc6 18. Rcd1 Qc8 {[#] aiming for ...b4.} 19. Bb3 $1 Nxb3 20. axb3 b4 21. Nd5 a5 $36 {[%mdl 2048] Black is more active.} 22. Qg3 Qe6 23. Rd2 (23. f3 $15) 23... Qxe4 $17 {[#] White must now prevent ...Rc1!} 24. Bxd6 $2 {[%mdl 8192]} (24. Qe3 $17) 24... Ba6 25. Ne7+ Rxe7 26. Bxe7 Qxe7 27. Rfd1 h5 28. h3 h4 29. Qb8+ Kh7 {Strongly threatening ...Re6.} 30. Rd7 Qe6 {Hoping for ...Be2.} 31. Qa7 $2 (31. Qd8 {was the only defense.}) 31... Qxb3 $19 32. R1d5 Rf6 33. Rd4 (33. Rxa5 $142 Qxb2 34. Rxa6 Qb1+ 35. Kh2 Rxa6 36. Qxa6 Be5+ 37. g3) 33... g5 34. Qc5 Qxb2 35. Rxh4+ gxh4 36. Qh5+ Bh6 37. Rxf7+ Rxf7 38. Qxf7+ Qg7 {Accuracy: White = 22%, Black = 72%.} 0-1

[Event "elllobregat Open-A 2019"]
[Site "El Prat de Llobregat"]
[Date "2019.12.03"]
[Round "1.5"]
[White "Puranik, Abhimanyu"]
[Black "Krishnater Kushager"]
[Result "1/2-1/2"]
[WhiteElo "2580"]
[BlackElo "2308"]
[Annotator "TA"]
[PlyCount "47"]
[EventDate "2019.12.03"]
[EventType "swiss"]
[EventCountry "ESP"]
[SourceTitle "playchess.com"]
[Source "ChessBase"]
[SourceQuality "1"]

{[%evp 16,47,30,10,22,-6,0,-7,0,-1,4,-51,-50,-54,-50,-47,-52,-53,-50,-54,-48,-37,-35,-58,-45,-85,-86,-86,-94,-105,-91,-104,-63,-97]} 1. Nf3 Nf6 2. g3 g6 3. b3 Bg7 4. Bb2 d6 5. d4 c5 6. Bg2 cxd4 7. Nxd4 d5 8. c4 O-O 9. O-O e5 {A49: 1 d4 Nf6 2 Nf3 g6 3 g3: Anti-King's Indian systems} 10. Nb5 {[%cal Rc4d5]} a6 11. N5c3 {[%cal Rc3d5]} d4 {The position is equal.} 12. Nd5 Nc6 13. f4 $146 ({White should try} 13. e3 $11) ({Predecessor:} 13. e4 b5 14. Ba3 Re8 15. Nd2 Be6 16. Rc1 Rc8 17. h3 {1-0 (39) Andreikin,D (2712)-Gupta,A (2610) chess.com INT 2018}) 13... Be6 $15 {[%cal Re6d5]} 14. Nxf6+ $1 Qxf6 15. Nd2 Qe7 16. fxe5 Rad8 17. Nf3 Nxe5 18. Nxe5 Bxe5 19. Qd3 Bg7 20. Rad1 Rfe8 21. Qf3 b5 22. cxb5 axb5 23. Qf2 {[%cal Rb2d4]} Bd5 24. Bxd5 {Accuracy: White = 50%, Black = 96%.} 1/2-1/2

[Event "elllobregat Open-A 2019"]
[Site "El Prat de Llobregat"]
[Date "2019.12.03"]
[Round "1.6"]
[White "Matta, Vinay Kumar"]
[Black "Alonso Rosell, Alvar"]
[Result "0-1"]
[WhiteElo "2300"]
[BlackElo "2548"]
[Annotator "TA"]
[PlyCount "66"]
[EventDate "2019.12.03"]
[EventType "swiss"]
[EventCountry "ESP"]
[SourceTitle "playchess.com"]
[Source "ChessBase"]
[SourceQuality "1"]

{[%evp 19,66,32,62,0,26,-6,0,-7,10,5,22,0,0,-10,-9,-14,-6,0,-3,-214,-220,-218,0,0,81,85,83,74,71,45,90,46,94,94,66,0,0,-344,-309,-331,-293,-290,-183,-351,-320,-380,-360,-1895,-1891]} 1. e4 c5 2. Nf3 d6 3. d4 cxd4 4. Nxd4 Nf6 5. Nc3 a6 6. Bg5 e6 7. f4 Be7 8. Qf3 Qc7 9. O-O-O Nbd7 10. g4 O-O 11. h4 {B99: Sicilian Najdorf: 6 Bg5 e6 7 f4 Be7 8 Qf3 Qc7 9 0-0-0 Nbd7} (11. Bg2 Rb8 12. Qe2 Re8 13. Bxf6 Bxf6 14. g5 Bxd4 15. Rxd4 b5 16. Rhd1 b4 17. Na4 Nc5 18. Nxc5 dxc5 {½-½ (54) Sulskis,S (2527)-Jakubowski,K (2458) Warsaw 2007}) 11... b5 {[%cal Bb7b5,Bb5b4][%mdl 32]} 12. Bxf6 Bxf6 13. g5 {The position is equal.} Bxd4 14. Rxd4 Qb6 $146 ({Predecessor:} 14... Qc5 15. Rd1 Bb7 16. Bd3 b4 17. Ne2 Rac8 18. Rhg1 Qc6 19. Kb1 Nc5 {0-1 (46) Lopez Rayo,S (1711)-Pinzon,E (1990) Ibague 2018}) 15. Qd1 b4 16. Nb1 Nc5 17. Rxd6 Qa5 18. Qd4 $36 {[%mdl 2048] White has the initiative.} Bb7 $1 19. Bg2 $2 (19. Nd2 $11) 19... Rac8 $1 $19 {And now ...b3 would win.} 20. Nd2 Qc7 $2 ({Black should try} 20... Qxa2 $19 {aiming for ...Qa1+.} 21. Qxb4 Qa1+ 22. Nb1 Bd5 $1 {[%mdl 512]}) 21. Nc4 $1 $11 e5 (21... Bxe4 $11 {remains equal.} 22. Bxe4 Nxe4 23. Qxe4 Qxc4 24. Qxc4 Rxc4) 22. fxe5 $16 ({Avoid the trap} 22. Qxe5 $2 Rfe8 $19) 22... Ne6 23. Rxe6 $1 fxe6 24. Bh3 Qc6 25. b3 Rf4 26. Rd1 Rxh4 27. Rd3 (27. Qd3 $14) 27... Rxe4 $11 28. Qxe4 $4 {[%mdl 8192]} (28. Qd6 $1 $11 {and White is okay.} Re8 29. Qxb4) 28... Qxe4 $19 29. Bxe6+ Kf8 30. Bxc8 Bd5 ({Not} 30... Bxc8 31. Rd8+ Ke7 {[#]} 32. Re8+ $1 {[%mdl 512]} Kd7 33. e6+ Qxe6 34. Rxe6 $19) 31. Ne3 $2 (31. Bxa6 Ke7 32. Ne3) 31... Bc6 32. e6 Bb5 33. c4 $2 (33. Nc4) 33... Qxd3 {Accuracy: White = 38%, Black = 57%.} 0-1

[Event "elllobregat Open-A 2019"]
[Site "El Prat de Llobregat"]
[Date "2019.12.03"]
[Round "1.7"]
[White "Gukesh D"]
[Black "Gheorghiu, Calin"]
[Result "1-0"]
[WhiteElo "2547"]
[BlackElo "2283"]
[Annotator "TA"]
[PlyCount "35"]
[EventDate "2019.12.03"]
[EventType "swiss"]
[EventCountry "ESP"]
[SourceTitle "playchess.com"]
[Source "ChessBase"]
[SourceQuality "1"]

{[%evp 1,1,28]} 1. Nf3 {Predecessor:} Nf6 $146 2. g3 d5 3. Bg2 e6 4. O-O Be7 5. d4 O-O 6. c4 dxc4 7. Qc2 a6 8. a4 Bd7 9. Qxc4 Bc6 10. Bf4 Bd6 11. Qc1 Nbd7 12. Re1 Qe7 13. Nc3 Bxf3 14. Bxf3 Bxf4 15. Qxf4 c6 16. a5 Rad8 17. Red1 e5 18. Qe3 {0-1 (76) Ding,L (2811)-Radjabov,T (2758) Khanty-Mansiysk 2019} 1-0

[Event "elllobregat Open-A 2019"]
[Site "El Prat de Llobregat"]
[Date "2019.12.03"]
[Round "1.8"]
[White "Le Goff, Ronan"]
[Black "Erigaisi Arjun"]
[Result "0-1"]
[WhiteElo "2272"]
[BlackElo "2544"]
[Annotator "TA"]
[PlyCount "86"]
[EventDate "2019.12.03"]
[EventType "swiss"]
[EventCountry "ESP"]
[SourceTitle "playchess.com"]
[Source "ChessBase"]
[SourceQuality "1"]

{[%evp 13,86,-9,26,17,24,25,39,28,59,43,44,43,41,57,169,164,172,170,227,225,228,210,252,91,165,166,168,163,386,363,414,402,597,335,344,67,71,-14,-17,-31,-23,-98,-106,-438,4,-256,-237,-253,-234,-274,-267,-270,-252,-255,-261,-325,-239,-301,-307,-609,-286,-283,-275,-305,-249,-1210,-411,-6070,-6070,-5461,-5406,-5373,-5297,-1811,-1654]} 1. d4 d5 2. Nf3 Nf6 3. e3 c5 4. Nbd2 e6 5. Bd3 b6 6. O-O Bb7 7. c3 Bd6 8. Re1 {D05: Colle System with ...e6} (8. b3 O-O 9. Bb2 Nc6 10. Re1 Rc8 11. Rc1 h6 12. e4 dxe4 13. Nxe4 Be7 14. dxc5 bxc5 15. Qe2 Nd5 {0-1 (30) Ravi,T (2410)-Alekseev,E (2645) Riga 2019}) 8... Ne4 9. Bb5+ $146 ({Predecessor:} 9. Nf1 O-O 10. a3 f5 11. Re2 c4 12. Bc2 Qf6 13. Bd2 g5 {0-1 (34) Serban,A (1027)-Radu,T (1336) Calimanesti Caciulata 2019}) 9... Ke7 10. dxc5 {White is slightly better.} Nxc5 11. b4 Ne4 12. Bb2 Nd7 13. c4 Bxb4 (13... a6 $14 14. Bxd7 Qxd7) 14. cxd5 $18 Nxd2 15. Nxd2 a6 (15... h5 {was necessary.}) 16. Bxd7 Qxd7 17. Qg4 $1 {[%cal Rg4b4]} Bxd2 18. Ba3+ $2 (18. Qg5+ $1 $18 {and the rest is easy.} Ke8 19. Qxg7 Qxd5 20. Qxh8+ Kd7 21. Qg7 Bxe1 22. Rxe1) 18... Kd8 (18... Kf6 $16) 19. Qxg7 Re8 20. Red1 f5 $2 (20... Qxd5 21. e4 $18) (20... exd5 {might work better.} 21. Rxd2 Qe6 22. Qxh7 Rc8 23. Qh4+ Kd7) 21. Qf6+ Kc8 22. Rxd2 Bxd5 (22... Ra7 $142 23. Qb2 (23. Rb1 Bxd5 24. e4 fxe4 $16) 23... Kb8 24. Qxb6 Qb5 25. Qd6+ Ka8) 23. Rb1 b5 24. h3 $2 ({Less strong is} 24. e4 fxe4 25. Bc5 Kb7 $16) ({White has to play} 24. f3 $18) 24... Kb7 $14 25. Bc5 (25. f3 $16 {Threatens to win with e4!} Qd8 26. Qh6) 25... Rac8 $36 {[%mdl 2048] White is under pressure.} 26. Bd4 Rg8 27. f3 (27. g3 $1 $11 {keeps the balance.}) 27... Bxf3 $17 28. a4 $2 {[%mdl 8192] [#]} (28. Rbb2 $17) 28... Be4 $2 (28... Bxg2 $1 $19 {[%mdl 512] aiming for ...Be4+.} 29. Kh2 (29. Rxg2 Rxg2+) 29... Be4) 29. Ra1 $2 {[%mdl 8192]} (29. Rbb2 $1 $11) 29... b4 $19 {[%cal Bb5b4,Bb4b3][%mdl 32]} 30. Qe5 Qc6 {[%cal Re4g2]} 31. Raa2 {If White can now play Rab2 this consolidates a bit.} b3 32. Rab2 Bd5 33. e4 fxe4 34. Be3 Ka8 ({Weaker is} 34... Qxa4 35. Rxd5 exd5 36. Qxd5+ Qc6 37. Rxb3+ Ka8 38. Qf7 $11) 35. Rf2 {Hoping for Rf7.} Qc3 ({Worse is} 35... Qxa4 36. Rf7 $11) 36. Bd4 $2 (36. Qxc3 Rxc3 37. Rfe2) 36... Qc1+ (36... Qxh3 $142 37. Bc5 Qh6) 37. Rf1 Qc7 38. Qh5 {If only White now had time for Rf7....} Rcf8 39. Rbf2 $2 (39. Rxf8+ Rxf8 40. Qg5) 39... Rf3 (39... Rxf2 $142 40. Rxf2 {[#]} e3 $1 {[%mdl 512]} 41. Bxe3 Bxg2 $1 {[%mdl 512]} 42. Rxg2 Rxg2+ 43. Kf1 Rc2 44. Qf3+ Qb7 45. Qxb7+ Kxb7) 40. Kh1 (40. Qh6 $142) 40... Rxf2 {Black is clearly winning.} 41. Rxf2 {[#]} e3 $1 {[%mdl 64] Decoy} 42. Bxe3 {[#]} Qg3 $1 {[%cal Rd5g2][%mdl 64] Double Attack} 43. Qe2 {[#]} Bxg2+ $1 {[%mdl 512] Accuracy: White = 28%, Black = 36%.} 0-1

[Event "elllobregat Open-A 2019"]
[Site "El Prat de Llobregat"]
[Date "2019.12.03"]
[Round "1.11"]
[White "Narciso Dublan, Marc"]
[Black "Rakshitta Ravi"]
[Result "1-0"]
[WhiteElo "2516"]
[BlackElo "2260"]
[Annotator "TA"]
[PlyCount "153"]
[EventDate "2019.12.03"]
[EventType "swiss"]
[EventCountry "ESP"]
[SourceTitle "playchess.com"]
[Source "ChessBase"]
[SourceQuality "1"]

{[%evp 19,153,12,11,13,15,17,32,37,30,10,32,11,33,28,34,34,35,43,37,31,45,21,48,15,26,32,60,32,59,22,84,76,78,78,87,68,81,47,53,54,94,37,31,10,16,23,110,116,105,111,120,91,178,171,160,155,229,185,254,247,252,245,229,220,235,86,160,153,169,175,222,227,208,219,221,219,339,262,241,123,117,125,212,201,202,189,247,237,320,316,294,175,536,536,879,879,666,514,1450,1439,1291,1375,1439,1419,1060,614,564,534,685,586,1193,475,424,399,320,0,0,0,1750,1435,1308,468,1750,1739,1665,1592,1386,1229,5194,4250,29948,29958,29962,29959,29986,29987]} 1. e4 e5 2. Nf3 Nc6 3. Bb5 a6 4. Ba4 Nf6 5. Qe2 b5 6. Bb3 Be7 7. O-O O-O 8. c3 Bb7 9. d4 d6 10. Rd1 Qc8 11. Nbd2 {C86: Closed Ruy Lopez: Worrall Attack} Re8 (11... Nd7 12. Nf1 Bf6 13. Ng3 Na5 14. Bc2 g6 15. Bh6 Re8 16. d5 c6 17. dxc6 Qxc6 18. Ng5 Bg7 19. Bxg7 Kxg7 {½-½ (81) Vallejo Pons,F (2707)-Inarkiev,E (2689) Riadh 2017}) 12. Ng5 Rf8 13. Nf1 {White is slightly better.} h6 14. Nf3 Re8 15. dxe5 Nxe5 16. Nxe5 dxe5 17. f3 $146 ({Predecessor:} 17. Ng3 c5 18. c4 Bc6 19. f3 Bf8 20. Nf5 Qc7 21. Qf2 Kh7 {½-½ (42) Granat,R (2189)-Jackson,S (2134) England 2015}) 17... Rd8 18. Be3 Rxd1 19. Rxd1 Qe8 20. Ng3 {[%cal Bf1g3,Bg3h1,Bh1f2][%mdl 32]} Rd8 21. Rc1 Bf8 22. c4 c6 23. a4 g6 24. Nh1 Bc8 (24... b4 $11) 25. cxb5 cxb5 26. axb5 axb5 27. Nf2 Bd7 28. g3 Kg7 29. Kg2 Rc8 30. Ra1 (30. Qd2 $16) 30... Bc5 $14 31. Ra6 $36 {[%mdl 2048] Threatens to win with Bxh6+! White has some pressure.} Bxe3 32. Qxe3 Rc6 (32... g5 $11 {remains equal.}) 33. Rxc6 $16 Bxc6 34. Qc5 Bd7 35. Nd3 Be6 (35... Bh3+ $16 36. Kf2 (36. Kxh3 Qd7+ {[%mdl 64] Double Attack} 37. Kg2 Qxd3 $11) 36... Qd8) 36. Bxe6 $18 Qxe6 37. Qxe5 Qb3 (37... Qb6 $16 38. Nb4 Kg8) 38. Qc3 Qd1 (38... Qxc3 $142 39. bxc3 Nd7) 39. Nf4 {Hoping for Nd5.} b4 40. Qd3 ({Don't play} 40. Qxb4 $6 Qc2+ 41. Kg1 g5 $16) 40... Qc1 41. Qd4 Qc2+ 42. Qf2 (42. Kg1 $18 {has better winning chances.}) 42... Qb3 {[#]} (42... Qd1 $142) 43. Qd2 $1 $16 g5 44. Nd5 g4 45. fxg4 Nxg4 46. Nxb4 Ne3+ 47. Kf3 Nd5+ (47... Nf1+ $142 48. Qc3+ Qxc3+ 49. bxc3 Nxh2+ 50. Kf4 Nf1) 48. Nd3 Nb4 {[#]} 49. Qxb4 (49. Ke3 $1 $18 Nc2+ 50. Kf2) 49... Qxd3+ $18 {[%mdl 4096] Endgame KQ-KQ} 50. Kf4 Qf1+ (50... Qe2 $16 {was necessary.} 51. Qd4+ Kh7) 51. Ke5 Qf6+ 52. Kd5 Qd8+ (52... Qe6+ {is a better defense.} 53. Kd4 Qf6+ 54. Ke3 Kg6) 53. Kc4 Qc8+ 54. Qc5 Qa6+ 55. Kc3 (55. Kd4 $142) 55... f6 $2 (55... Qa1) 56. e5 fxe5 57. Qxe5+ Kf8 58. Qf4+ Kg7 (58... Ke7 $142 59. b4 Qa3+ 60. Kc4 Qa2+ 61. Kc5 Qa7+ 62. Kd5 Qa8+ 63. Kc5 Qa7+ 64. Kb5 Qd7+ 65. Kb6 Qe6+ 66. Kc5 Qc8+ 67. Kb5 Qd7+ 68. Kc4 Qc6+ 69. Kd3 Qd5+ 70. Qd4 Qb3+ 71. Ke4 Qa2 72. Qe5+ Kf8 73. Qf6+ Ke8 74. Qxh6 Qc4+ 75. Kf3 Qxb4 76. Qe6+ Kd8) 59. Qd4+ Kf8 60. b4 Qa1+ 61. Kc4 Qa2+ 62. Kc5 Qa7+ 63. Kd5 Qd7+ 64. Kc4 Qe6+ 65. Kc5 (65. Qd5 $142 Qe2+ 66. Kc5) 65... Qc8+ 66. Kb6 {White threatens Qh8+ and mate.} Qb8+ 67. Ka6 $2 (67. Kc6 $18 {Qh8+ would kill now.} Qc8+ 68. Kb6 Qb8+ 69. Kc6 Qe8+ 70. Kc5 Qc8+ 71. Kb6) 67... Qc8+ $11 68. Kb5 {White wants to mate with Qh8+.} Qb7+ $2 {[%mdl 8192]} (68... Qe8+ $11 69. Kb6 Qb8+ 70. Ka5 Qa8+ 71. Kb5 Qe8+ 72. Kc5 Qc8+ 73. Kb5 Qe8+) 69. Qb6 Qd7+ 70. Qc6 (70. Ka6 $142 {aiming for Qb8+.} Qa4+ 71. Kb7) 70... Qd3+ (70... Qd2 $142 71. Qc5+ Kg8) 71. Kb6 $18 Qd8+ 72. Ka6 Qd3+ 73. b5 Qa3+ 74. Kb7 Qe7+ 75. Qc7 {White mates.} Qe4+ 76. Kb8 Qb4 77. Qf4+ {Accuracy: White = 55%, Black = 26%.} 1-0